Europe Quiz - Statistics

General Stats
  • This quiz has been taken 19 times
  • The average score is 6 of 15
Answer Stats
Question Answer % Correct
Which in Europe country is the poorest? Moldova
88%
Which in Europe country is the biggest? Russia Europe Part
76%
Which in Europe has the most population? Russia
71%
Which in Europe country use to be Yugoslavia? Serbia
65%
Which in Europe country has highest gdp per capita ? Luxemburg
59%
Which in Europe countries is the richest? Luxemburg
41%
Which in Europe country first to accepted Christianity? Armenia
35%
What is the first country in Europe? Bulgaria
35%
Which in Europe country has the HIGHEST live expectancy? Switzerland
35%
Which in Europe country has the worst rated food? Finland
29%
Which in Europe country has the LOWEST live expectancy? Romania
24%
How many countries there are in Europe ? 44
18%
Which in Europe country has Lowest gdp per capita? Ukraine
12%
Which in Europe country has the most pawerful military? France
6%
Which in Europe country first accepted universities ? France
0%
No matching quizzes found
Score Distribution
Percent of People with Each Score
Percentile by Number Answered
Your Score History
You have not taken this quiz